[Event "Superettan(Helsingborg-Vasteras)"]
[Site "?"]
[Date "2025.03.08"]
[Round "8"]
[White "Norberg, Johan"]
[Black "Rosell, Tomas"]
[Result "1/2-1/2"]
[WhiteElo "2294"]
[BlackElo "2180"]
[PlyCount "77"]
[EventDate "2025.??.??"]
[SourceVersionDate "2025.04.01"]

1. g3 f5 2. Bg2 Nf6 3. d4 g6 4. c4 Bg7 5. Nc3 O-O 6. Nf3 d6 7. d5 c6 8. Nd4 e5 9. dxe6 Na6 10. O-O Nc5 11. b3 Nxe6 12. Nxe6 Bxe6 13. Bb2 Qc7 14. Qc2 Rad8 15. Rfd1 Qa5 16. e3 d5 17. cxd5 Nxd5 18. Nxd5 Bxd5 19. Bxg7 Kxg7 20. Bxd5 Rxd5 21. Rxd5 Qxd5 22. Rd1 Qe5 23. Qc4 Rf7 24. Rd8 Qa1+ 25. Kg2 Qe5 26. h4 h5 27. Ra8 a6 28. Qd3 Qf6 29. Rd8 Qe5 30. Qc4 Qf6 31. Re8 Kh7 32. a4 Qg7 33. Qe6 Rf6 34. Qc8 Rf7 35. f4 Qb2+ 36. Kf3 Qa1 37. Kg2 Qb2+ 38. Kh3 Qa1 39. Kg2 1/2-1/2

[Event "Superettan(Farsta-Lulea)"]
[Site "?"]
[Date "2025.03.08"]
[Round "8"]
[White "Hjelm, Niclas"]
[Black "Mikheev, Stanislav"]
[Result "1-0"]
[WhiteElo "2261"]
[BlackElo "2206"]
[PlyCount "117"]
[SourceVersionDate "2025.03.30"]

1. e4 c5 2. Nf3 Nc6 3. d4 cxd4 4. Nxd4 Nf6 5. Nc3 e5 6. Ndb5 d6 7. Bg5 a6 8. Na3 b5 9. Nab1 Be7 10. Bxf6 Bxf6 11. a4 b4 12. Nd5 Bg5 13. Nd2 Bxd2+ 14. Qxd2 Rb8 15. Bc4 O-O 16. O-O Nd4 17. Nxb4 Rxb4 18. Qxb4 Nxc2 19. Qb8 Nxa1 20. Rxa1 Qe7 21. Rd1 Be6 22. Qb3 Rc8 23. Bxe6 Qxe6 24. Qb7 Qc4 25. g3 Qc6 26. Qxc6 Rxc6 27. b4 Kf8 28. b5 axb5 29. axb5 Rb6 30. Rd5 Ke7 31. f4 f6 32. Kf2 Rb7 33. Ke3 g6 34. Kd2 Rc7 35. Rd3 Rb7 36. Rb3 d5 37. fxe5 fxe5 38. exd5 Kd6 39. Ke3 Kxd5 40. b6 Kc4 41. Rb1 Kd5 42. Rb2 Kd6 43. Ke4 Ke6 44. h4 Kd6 45. g4 Ke6 46. g5 Kd6 47. Rb1 Ke6 48. Rf1 Ke7 49. Rf6 Rd7 50. Rc6 Rd4+ 51. Kxe5 Rb4 52. Kd5 Kd8 53. Kc5 Rb1 54. Kd6 Rb5 55. Ke6 Rb4 56. Kf6 Rf4+ 57. Kg7 Kd7 58. b7 Rb4 59. Rf6 1-0

[Event "Superettan(Helsingborg-Vasteras)"]
[Site "?"]
[Date "2025.03.08"]
[Round "8"]
[White "Sylvan, Jacob"]
[Black "Hamark, Jesper"]
[Result "1/2-1/2"]
[WhiteElo "2332"]
[BlackElo "2307"]
[PlyCount "88"]
[EventDate "2025.??.??"]
[SourceVersionDate "2025.04.02"]

1. e4 c5 2. Nf3 e6 3. d4 cxd4 4. Nxd4 Nf6 5. Nc3 Nc6 6. Ndb5 Bb4 7. a3 Bxc3+ 8. Nxc3 d5 9. exd5 exd5 10. Bd3 O-O 11. O-O d4 12. Ne2 Bg4 13. h3 Bh5 14. f4 h6 15. g4 Bg6 16. f5 Bh7 17. Bf4 Re8 18. Qd2 Ne4 19. Bxe4 Rxe4 20. Ng3 Re8 21. Rae1 Kh8 22. Rxe8+ Qxe8 23. Re1 Qf8 24. Ne4 Rd8 25. Nf2 f6 26. Nd3 Bg8 27. b4 Re8 28. b5 Nd8 29. Rxe8 Qxe8 30. Bxh6 Qxb5 31. Bf4 Nc6 32. Qe1 Bf7 33. Kh2 Qc4 34. Qf2 Kg8 35. g5 fxg5 36. Bxg5 Qd5 37. Bh4 Ne5 38. Nxe5 Qxe5+ 39. Bg3 Qe4 40. f6 Bd5 41. Bh4 Qe5+ 42. Bg3 Qe4 43. Bh4 Qe5+ 44. Bg3 Qe4 1/2-1/2

[Event "Superettan(Farsta-Lulea)"]
[Site "?"]
[Date "2025.03.08"]
[Round "8"]
[White "Wulkan, Martin"]
[Black "Namini, Armin"]
[Result "0-1"]
[WhiteElo "2223"]
[BlackElo "2178"]
[PlyCount "62"]
[SourceVersionDate "2025.03.30"]

1. d4 Nf6 2. c4 g6 3. Nc3 Bg7 4. Bg5 h6 5. Bh4 c5 6. e3 O-O 7. Nf3 d6 8. d5 g5 9. Bg3 Nh5 10. Bd3 f5 11. Nd2 Nxg3 12. hxg3 Nd7 13. f4 Nf6 14. Nf3 Qe8 15. Qd2 Qg6 16. O-O-O a6 17. Qc2 b5 18. Nd2 Ng4 19. Nf1 Bd7 20. Be2 Qf6 21. Bxg4 fxg4 22. Nd2 Rab8 23. Rdf1 bxc4 24. e4 Qd4 25. fxg5 Rxf1+ 26. Nxf1 Rf8 27. gxh6 Bxh6+ 28. Kb1 Rf2 29. Qd1 Bg7 30. Qc1 Qd3+ 31. Ka1 Rc2 0-1

[Event "Superettan(Helsingborg-Vasteras)"]
[Site "?"]
[Date "2025.03.08"]
[Round "8"]
[White "Janse, Love"]
[Black "Nilsson Hask, Patrik"]
[Result "1-0"]
[WhiteElo "2187"]
[BlackElo "2143"]
[PlyCount "103"]
[EventDate "2025.??.??"]
[SourceVersionDate "2025.04.02"]

1. e4 e6 2. d3 d5 3. Qe2 Nf6 4. Nf3 Nc6 5. e5 Nd7 6. c4 dxc4 7. dxc4 Nc5 8. Bg5 Be7 9. Bxe7 Qxe7 10. Nc3 O-O 11. Rd1 b6 12. g3 Rd8 13. Bg2 Rxd1+ 14. Qxd1 Bb7 15. O-O Rd8 16. Qe2 Rd7 17. a3 a5 18. h4 h6 19. Rd1 Qd8 20. Rxd7 Qxd7 21. Bf1 Ne7 22. h5 Nf5 23. Nb5 Nb3 24. Bg2 Nc1 25. Qd2 Qxd2 26. Nxd2 Bxg2 27. Kxg2 c6 28. Nd6 Nd3 29. Nc8 b5 30. Na7 Nd4 31. cxb5 cxb5 32. Nf3 Nxf3 33. Kxf3 Nxe5+ 34. Ke4 Nc4 35. b4 axb4 36. axb4 Na3 37. Kd4 g6 38. Kc5 gxh5 39. Nxb5 Nc2 40. Nd6 Nxb4 41. Kxb4 Kg7 42. Kc4 Kg6 43. Kd4 f6 44. Ne8 Kg5 45. Ke4 f5+ 46. Ke5 h4 47. f4+ Kg4 48. gxh4 Kxh4 49. Kxe6 Kg3 50. Kxf5 h5 51. Nf6 h4 52. Ne4+ 1-0

[Event "Superettan(Farsta-Lulea)"]
[Site "?"]
[Date "2025.03.08"]
[Round "8"]
[White "Wisdahl, Peter"]
[Black "Marklund, Niklas"]
[Result "0-1"]
[WhiteElo "1996"]
[BlackElo "2137"]
[PlyCount "50"]
[SourceVersionDate "2025.03.30"]

1. e4 c5 2. c3 d6 3. d4 Nf6 4. dxc5 Nc6 5. Qd3 d5 6. exd5 Nxd5 7. Nf3 g6 8. a3 Bg7 9. c4 Nc7 10. Qxd8+ Nxd8 11. Ra2 Bf5 12. Nbd2 a5 13. Be2 a4 14. Nh4 Bc2 15. Bd1 Bxd1 16. Kxd1 Nce6 17. Nhf3 Nxc5 18. Kc2 Rc8 19. b4 axb3+ 20. Nxb3 Na4 21. Nbd2 Ne6 22. Re1 O-O 23. Ne5 Nd4+ 24. Kd3 Rfd8 25. f4 Nf3+ 0-1

[Event "Superettan(Helsingborg-Vasteras)"]
[Site "?"]
[Date "2025.03.08"]
[Round "8"]
[White "Johansson, Thomas"]
[Black "Kretz, Johan"]
[Result "1/2-1/2"]
[WhiteElo "2177"]
[BlackElo "2146"]
[PlyCount "100"]
[EventDate "2025.??.??"]
[SourceVersionDate "2025.04.02"]

1. e4 c5 2. c3 e6 3. d4 d5 4. exd5 exd5 5. Be3 c4 6. b3 cxb3 7. axb3 Bd6 8. Bd3 Ne7 9. Nf3 Nbc6 10. O-O Bf5 11. Bg5 Bxd3 12. Bxe7 Qxe7 13. Qxd3 O-O 14. Re1 Qf6 15. Qb5 Rfd8 16. Nbd2 a6 17. Qd3 Re8 18. Nf1 Bf4 19. g3 Bh6 20. Kg2 Qg6 21. Qxg6 hxg6 22. h3 Re4 23. Rxe4 dxe4 24. N3d2 f5 25. Nc4 Rd8 26. Na5 Nxa5 27. Rxa5 Rd6 28. g4 Rb6 29. gxf5 gxf5 30. Rxf5 Rxb3 31. Ng3 Rxc3 32. Nxe4 Rd3 33. d5 b6 34. Re5 a5 35. d6 Bf4 36. Re8+ Kf7 37. Re7+ Kf8 38. Rb7 Rd4 39. Kf3 Bxd6 40. Rxb6 Be7 41. Ra6 a4 42. Kf4 a3 43. Ke5 Rb4 44. f4 Kf7 45. h4 Rb5+ 46. Kd4 Rb4+ 47. Ke5 Rb5+ 48. Kd4 Rb4+ 49. Ke5 Rb5+ 50. Kd4 Rb4+ 1/2-1/2

[Event "Superettan(Farsta-Lulea)"]
[Site "?"]
[Date "2025.03.08"]
[Round "8"]
[White "Marcussen, Arno"]
[Black "Lindeman, Sven"]
[Result "1-0"]
[WhiteElo "2149"]
[BlackElo "2172"]
[PlyCount "59"]
[SourceVersionDate "2025.03.30"]

1. d4 Nf6 2. Nf3 d5 3. e3 e6 4. Bd3 Bd6 5. O-O O-O 6. Nbd2 Nbd7 7. c4 b6 8. e4 dxe4 9. Nxe4 Be7 10. Qe2 Bb7 11. Rd1 Nxe4 12. Bxe4 Bxe4 13. Qxe4 c5 14. Bf4 cxd4 15. Nxd4 Nc5 16. Qe2 Qc8 17. b4 Nb7 18. Nb5 Qc6 19. Nd4 Qa4 20. Nxe6 fxe6 21. Qxe6+ Rf7 22. Rd7 Nd8 23. Qd5 Kf8 24. Rxe7 Rxf4 25. Rd7 Rf6 26. Rxd8+ Rxd8 27. Qxd8+ Kf7 28. Re1 a5 29. Re7+ Kg6 30. Qd3+ 1-0

[Event "Superettan(Helsingborg-Vasteras)"]
[Site "?"]
[Date "2025.03.08"]
[Round "8"]
[White "Bjorkman, Filip"]
[Black "Olsson Klevtorp, Fredric"]
[Result "1-0"]
[WhiteElo "2141"]
[BlackElo "1981"]
[PlyCount "109"]
[EventDate "2025.??.??"]
[SourceVersionDate "2025.04.02"]

1. e4 c5 2. Nf3 d6 3. d4 cxd4 4. Nxd4 Nf6 5. Nc3 e5 6. Nb3 Be7 7. f3 O-O 8. Be3 Be6 9. Qd2 a5 10. Bb5 d5 11. exd5 Nxd5 12. Nxd5 Qxd5 13. Qxd5 Bxd5 14. O-O-O a4 15. Rxd5 axb3 16. a3 Rc8 17. c3 Nc6 18. Rd7 Kf8 19. Rxb7 Nb4 20. Rd1 Na2+ 21. Kd2 Bxa3 22. Rb1 Be7 23. Bd3 Rab8 24. Rxb8 Rxb8 25. Bc4 Bd6 26. g3 Ke7 27. Ke2 Ba3 28. Bd2 Bc5 29. Rd1 h6 30. Be1 f6 31. Bd5 f5 32. Bc4 Kf6 33. h4 h5 34. Bd2 Kg6 35. Be1 Kf6 36. Bd3 Rb7 37. Bb1 Ke6 38. Bd2 Rb8 39. Rf1 Rb7 40. Be3 Bd6 41. Bd3 Rc7 42. Kd2 e4 43. fxe4 fxe4 44. Bxe4 Bxg3 45. Bf5+ Ke5 46. Bd3 Ke6 47. Bg5 Be5 48. Re1 Kd5 49. Be4+ Kd6 50. Rf1 Ke6 51. Rf3 Rd7+ 52. Rd3 Bd6 53. Bd5+ Ke5 54. Bxb3 Rb7 55. Kc2 1-0

[Event "Superettan(Farsta-Lulea)"]
[Site "?"]
[Date "2025.03.08"]
[Round "8"]
[White "Lagerborg, Krister"]
[Black "Liden, Tommy"]
[Result "1/2-1/2"]
[WhiteElo "2031"]
[BlackElo "2107"]
[PlyCount "80"]
[SourceVersionDate "2025.03.30"]

1. e4 c5 2. Nf3 d6 3. d4 cxd4 4. Nxd4 Nf6 5. Nc3 a6 6. Be3 e5 7. Nb3 Be6 8. h3 Nbd7 9. g4 Rc8 10. Bg2 Nb6 11. Bxb6 Qxb6 12. g5 Nd7 13. Qd2 Be7 14. h4 h5 15. O-O-O Qc7 16. Nd5 Bxd5 17. exd5 g6 18. Rh3 O-O 19. Rg3 b6 20. Bh3 a5 21. Kb1 Qb7 22. Qe2 a4 23. Nd4 Rc5 24. Nc6 Nb8 25. Nb4 b5 26. a3 Bd8 27. Bg2 Rc4 28. Be4 Na6 29. Nxa6 Qxa6 30. c3 Qb7 31. Rdd3 Bb6 32. Rdf3 Bd8 33. Qd3 Re8 34. Re3 Kg7 35. Rg1 Qd7 36. Re2 Be7 37. Re3 Rec8 38. Qe2 Bd8 39. Rh1 Bb6 40. Rg3 Kg8 1/2-1/2

[Event "Superettan(Helsingborg-Vasteras)"]
[Site "?"]
[Date "2025.03.08"]
[Round "8"]
[White "Nilsson, Anders"]
[Black "Backman, Andreas"]
[Result "1/2-1/2"]
[WhiteElo "2167"]
[BlackElo "2106"]
[PlyCount "63"]
[EventDate "2025.??.??"]
[SourceVersionDate "2025.04.02"]

1. d4 g6 2. Bf4 Bg7 3. Nc3 d6 4. e4 Nd7 5. Nf3 a6 6. a4 e6 7. Qd2 h6 8. Bc4 Ne7 9. h3 b6 10. O-O Bb7 11. Rfe1 Kf8 12. Rad1 Kg8 13. Qe2 Kh7 14. Bd3 Nc6 15. e5 dxe5 16. dxe5 Qe7 17. h4 Nc5 18. Bc4 Rhd8 19. h5 Rxd1 20. hxg6+ fxg6 21. Rxd1 Rf8 22. Bg3 Rd8 23. Rxd8 Qxd8 24. Bh4 g5 25. Bg3 Nd4 26. Bd3+ Kh8 27. Nxd4 Qxd4 28. Qh5 Nxd3 29. cxd3 Qd7 30. Qg6 Bc6 31. d4 Qe8 32. Qd3 1/2-1/2

[Event "Superettan(Orgryte-Wasa II)"]
[Site "?"]
[Date "2025.03.08"]
[Round "8"]
[White "Mustaps, Matiss"]
[Black "Rozentalis, Eduardas"]
[Result "1/2-1/2"]
[WhiteElo "2360"]
[BlackElo "2485"]
[PlyCount "40"]
[SourceVersionDate "2025.03.30"]

1. e4 e5 2. Nf3 Nc6 3. Bb5 a6 4. Ba4 d6 5. c3 Nf6 6. d3 Bd7 7. Nbd2 g6 8. O-O Bg7 9. Re1 O-O 10. Nf1 Nh5 11. d4 h6 12. Ng3 Nxg3 13. hxg3 b5 14. Bb3 Na5 15. Bc2 Bg4 16. dxe5 dxe5 17. Qe2 c5 18. Be3 Qc7 19. Rad1 Nc4 20. Bc1 Rfd8 1/2-1/2

[Event "Superettan(Kristineberg-Rock,Sthlm II)"]
[Site "?"]
[Date "2025.03.08"]
[Round "8"]
[White "Bator, Robert"]
[Black "Hald Falkesgaard, Jeppe"]
[Result "1-0"]
[WhiteElo "2338"]
[BlackElo "2261"]
[PlyCount "95"]
[SourceVersionDate "2025.03.31"]

1. e4 c5 2. Nf3 Nc6 3. c3 Nf6 4. e5 Nd5 5. Bc4 Nb6 6. Bb3 c4 7. Bc2 d5 8. exd6 Qxd6 9. O-O Bg4 10. Re1 e6 11. b3 Ne5 12. Rxe5 Bxf3 13. Qe1 Bd5 14. Ba3 Qc6 15. Bxf8 Kxf8 16. Be4 f6 17. Bxd5 exd5 18. Re3 Qd6 19. d3 Kf7 20. Qd1 Rad8 21. Nd2 d4 22. Ne4 Qe5 23. cxd4 Qxd4 24. Rc1 Rd5 25. Nc3 Rd7 26. dxc4 Qxd1+ 27. Rxd1 Rxd1+ 28. Nxd1 Rd8 29. Nc3 Rd2 30. Re2 Rd3 31. Rc2 a5 32. Kf1 Nd7 33. Ke2 Rd6 34. Rd2 Re6+ 35. Kd1 Nc5 36. Rd5 b6 37. f3 g5 38. Kd2 h5 39. Nb5 Kg6 40. Nd4 Re7 41. Rd6 Rd7 42. Rxd7 Nxd7 43. Ke3 Ne5 44. Ke4 h4 45. Kd5 g4 46. fxg4 Nxg4 47. Kc6 Nxh2 48. Kxb6 1-0

[Event "Superettan(Schack 08-Skara)"]
[Site "?"]
[Date "2025.03.08"]
[Round "8"]
[White "Ronneland, Daniel"]
[Black "Nyander, Joakim"]
[Result "1/2-1/2"]
[WhiteElo "2220"]
[BlackElo "2175"]
[PlyCount "31"]
[SourceVersionDate "2025.04.02"]

1. e4 d6 2. d4 Nf6 3. f3 e5 4. Bg5 Be7 5. dxe5 dxe5 6. Qxd8+ Bxd8 7. Bc4 c6 8. a4 Nbd7 9. Na3 Nc5 10. Bb3 Ba5+ 11. Bd2 Bxd2+ 12. Kxd2 Ke7 13. Ne2 Nxb3+ 14. cxb3 Be6 15. Nc4 Nd7 16. Kc2 1/2-1/2

[Event "Superettan(Orgryte-Wasa II)"]
[Site "?"]
[Date "2025.03.08"]
[Round "8"]
[White "Frisk Kockum, Anton"]
[Black "Karlsson, Mats"]
[Result "1/2-1/2"]
[WhiteElo "2328"]
[BlackElo "2287"]
[PlyCount "119"]
[SourceVersionDate "2025.03.30"]

1. d4 Nf6 2. c4 g6 3. Nc3 Bg7 4. e4 d6 5. Nf3 O-O 6. Be2 e5 7. O-O Nc6 8. d5 Ne7 9. Ne1 Nd7 10. Nd3 f5 11. Bd2 Nf6 12. f3 f4 13. g4 fxg3 14. hxg3 c6 15. Kg2 b5 16. dxc6 bxc4 17. Nb4 Be6 18. Bg5 a5 19. Nbd5 Nxc6 20. Bxc4 Nd4 21. Qd2 Kh8 22. Ne3 Qc8 23. Bxe6 Qxe6 24. Nc2 Nd7 25. Be3 Nxc2 26. Qxc2 Rab8 27. Rad1 Rfc8 28. Rf2 Bf8 29. Qa4 Ra8 30. Rd5 Nc5 31. Bxc5 Rxc5 32. Rxc5 dxc5 33. Nd5 Ra7 34. Rd2 h5 35. Qb5 Rf7 36. Qb6 Qxb6 37. Nxb6 Kg7 38. Rd7 Rxd7 39. Nxd7 Bd6 40. Nb6 g5 41. Nc4 Bc7 42. a4 Kf7 43. Ne3 Bd8 44. b3 Ke6 45. Kf1 Kd7 46. Ke2 Kc6 47. Kd3 Bc7 48. Nc4 Kd7 49. Ke3 Kc6 50. Ke2 Kd7 51. Ke3 Kc6 52. Kf2 Kd7 53. Ne3 Kc6 54. Ke2 c4 55. bxc4 Kc5 56. Nd5 Bd8 57. f4 exf4 58. gxf4 gxf4 59. Nxf4 Kxc4 60. Nxh5 1/2-1/2

[Event "Superettan(Kristineberg-Rock,Sthlm II)"]
[Site "?"]
[Date "2025.03.08"]
[Round "8"]
[White "Dimovski, Mende"]
[Black "Berovski, Krum"]
[Result "0-1"]
[WhiteElo "2106"]
[BlackElo "2338"]
[PlyCount "90"]
[SourceVersionDate "2025.04.01"]

1. e4 e6 2. d3 d5 3. Qe2 Be7 4. Nf3 c5 5. g3 Nc6 6. Bg2 Nf6 7. O-O O-O 8. Nbd2 Qc7 9. Nb3 a5 10. Bf4 e5 11. exd5 exf4 12. dxc6 fxg3 13. hxg3 bxc6 14. Rfe1 Bd6 15. Nbd2 Re8 16. Qf1 Be6 17. Ng5 Bd5 18. Nge4 Be5 19. Nxf6+ Bxf6 20. Rxe8+ Rxe8 21. Re1 Rb8 22. b3 Bd4 23. Qe2 g6 24. Ne4 a4 25. c3 Bxe4 26. cxd4 Bxg2 27. Kxg2 cxd4 28. bxa4 c5 29. Rc1 Ra8 30. Qe4 Ra5 31. Qxd4 Qxg3+ 32. Kxg3 cxd4 33. Rc4 h5 34. Rxd4 Kg7 35. Kh3 g5 36. Kg3 Kg6 37. Kh3 f6 38. Kg3 h4+ 39. Kg4 f5+ 40. Kh3 Kh5 41. Kg2 g4 42. Kh2 Re5 43. Kg1 Re1+ 44. Kg2 h3+ 45. Kh2 Rf1 0-1

[Event "Superettan(Schack 08-Skara)"]
[Site "?"]
[Date "2025.03.08"]
[Round "8"]
[White "Karlsson, Tomas"]
[Black "Friberg, Hans"]
[Result "1-0"]
[WhiteElo "2242"]
[BlackElo "2142"]
[PlyCount "61"]
[SourceVersionDate "2025.04.02"]

1. e4 Nf6 2. Nc3 d5 3. exd5 Nxd5 4. Bc4 c6 5. Qf3 Be6 6. Nge2 Nc7 7. Bxe6 Nxe6 8. O-O g6 9. Rd1 Nd4 10. Nxd4 Qxd4 11. Ne2 Qd5 12. Qc3 e5 13. d4 Bg7 14. Qb4 c5 15. Qxc5 Qxc5 16. dxc5 Na6 17. Be3 Rc8 18. Rd5 Nb4 19. Rd2 a5 20. Nc3 O-O 21. Nd5 Nxd5 22. Rxd5 f5 23. Rad1 Bf6 24. Bd2 a4 25. Ba5 e4 26. b3 Ra8 27. b4 Bc3 28. c6 bxc6 29. Rc5 Bf6 30. Rxc6 Rac8 31. b5 1-0

[Event "Superettan(Orgryte-Wasa II)"]
[Site "?"]
[Date "2025.03.08"]
[Round "8"]
[White "Marchand, Eric"]
[Black "Arnelind, Mikael"]
[Result "1/2-1/2"]
[WhiteElo "2136"]
[BlackElo "2188"]
[PlyCount "66"]
[SourceVersionDate "2025.03.30"]

1. d4 Nf6 2. c4 e6 3. Nf3 b6 4. a3 Bb7 5. Nc3 d5 6. cxd5 Nxd5 7. e3 Be7 8. Bd3 O-O 9. e4 Nxc3 10. bxc3 c5 11. O-O cxd4 12. cxd4 Nc6 13. Bb2 Bf6 14. e5 Be7 15. Qe2 Na5 16. Nd2 Rc8 17. f4 g6 18. Rfd1 Bd5 19. g4 f5 20. Rac1 Bb7 21. Rxc8 Qxc8 22. Kf2 Qc6 23. Kg3 Qd5 24. gxf5 gxf5 25. Kh3 Kh8 26. Rg1 Rg8 27. Rxg8+ Kxg8 28. Nc4 Nxc4 29. Bxc4 Qc6 30. Bb5 Qh1 31. Bc4 Bf3 32. Qf1 Bg4+ 33. Kg3 Qc6 1/2-1/2

[Event "Superettan(Kristineberg-Rock,Sthlm II)"]
[Site "?"]
[Date "2025.03.08"]
[Round "8"]
[White "Kenneskog, Theodor"]
[Black "Engstrom, Kaj"]
[Result "1-0"]
[WhiteElo "2266"]
[BlackElo "2171"]
[PlyCount "49"]
[SourceVersionDate "2025.04.01"]

1. e4 c5 2. Nf3 e6 3. d4 cxd4 4. Nxd4 a6 5. c4 Qc7 6. Nc3 Nf6 7. a3 Nc6 8. Be3 Be7 9. Be2 O-O 10. Rc1 d6 11. O-O Bd7 12. b4 Rfc8 13. Nb3 Ne5 14. c5 d5 15. exd5 exd5 16. Bf4 Bc6 17. Qd4 Nfd7 18. Bg4 Bf6 19. Bxd7 Nxd7 20. Bxc7 Bxd4 21. Nxd4 Rxc7 22. Rfe1 Rcc8 23. f3 g6 24. Re7 Kf8 25. Nxc6 1-0

[Event "Superettan(Schack 08-Skara)"]
[Site "?"]
[Date "2025.03.08"]
[Round "8"]
[White "Eklund, Lars-Goran"]
[Black "Ottenklev, Niclas"]
[Result "1/2-1/2"]
[WhiteElo "2198"]
[BlackElo "2112"]
[PlyCount "68"]
[SourceVersionDate "2025.04.02"]

1. Nf3 Nf6 2. c4 g6 3. Nc3 Bg7 4. e4 d6 5. d4 O-O 6. Be2 e5 7. dxe5 dxe5 8. Qxd8 Rxd8 9. Bg5 Rf8 10. Nd5 Nxd5 11. cxd5 c6 12. Bc4 b5 13. Bb3 Bb7 14. Rc1 a5 15. dxc6 Bxc6 16. Be7 Re8 17. Bd6 Bh6 18. Rc5 Bf8 19. Bxf8 Kxf8 20. O-O Bxe4 21. Ng5 Bd3 22. Rd1 Na6 23. Rc6 e4 24. a3 Re7 25. Nxh7+ Kg7 26. Ng5 Raa7 27. Rdc1 a4 28. Ba2 b4 29. h4 b3 30. Bb1 Bxb1 31. Rxb1 e3 32. Re1 exf2+ 33. Kxf2 Rxe1 34. Kxe1 Nc7 1/2-1/2

[Event "Superettan(Orgryte-Wasa II)"]
[Site "?"]
[Date "2025.03.08"]
[Round "8"]
[White "Troberg Eskola, Love"]
[Black "Astrom, Goran"]
[Result "1-0"]
[WhiteElo "2086"]
[BlackElo "2216"]
[PlyCount "99"]
[SourceVersionDate "2025.03.30"]

1. c4 Nf6 2. Nc3 c5 3. Nf3 e6 4. g3 b6 5. Bg2 Bb7 6. O-O Be7 7. d4 cxd4 8. Qxd4 d6 9. b3 O-O 10. Bb2 Nbd7 11. Rfd1 a6 12. Rac1 Qc7 13. e4 Rfd8 14. Qe3 Rac8 15. Nd4 Qb8 16. Re1 Bf8 17. f4 e5 18. Nc2 d5 19. fxe5 Bc5 20. Nd4 Ng4 21. Qd2 dxc4 22. bxc4 Ngxe5 23. Nd5 Nc6 24. Kh1 Nxd4 25. Bxd4 Re8 26. Rb1 Bxd5 27. exd5 Qd6 28. Bh3 Rxe1+ 29. Rxe1 b5 30. Bxc5 Rxc5 31. Bxd7 Qxd7 32. d6 Rxc4 33. Re7 Qc6+ 34. Kg1 Rc1+ 35. Kf2 Rc2 36. Re8+ Qxe8 37. Qxc2 Qe6 38. Qc7 Qf5+ 39. Ke3 Qe5+ 40. Kd3 Qd5+ 41. Kc3 b4+ 42. Kxb4 Qb5+ 43. Kc3 Qe5+ 44. Kc4 Qb5+ 45. Kd4 g6 46. d7 Qa4+ 47. Kc5 Qb5+ 48. Kd6 Qb4+ 49. Qc5 Qb8+ 50. Kc6 1-0

[Event "Superettan(Kristineberg-Rock,Sthlm II)"]
[Site "?"]
[Date "2025.03.08"]
[Round "8"]
[White "Petkovic, Peter"]
[Black "Hedman, Erik"]
[Result "0-1"]
[WhiteElo "2042"]
[BlackElo "2277"]
[PlyCount "26"]
[SourceVersionDate "2025.04.01"]

1. e4 d6 2. d4 Nf6 3. Nc3 e5 4. dxe5 dxe5 5. Qxd8+ Kxd8 6. Bg5 Nbd7 7. O-O-O c6 8. Bxf6+ gxf6 9. Nge2 b5 10. Ng3 Kc7 11. Be2 Nc5 12. h3 Bh6+ 13. Kb1 b4 0-1

[Event "Superettan(Schack 08-Skara)"]
[Site "?"]
[Date "2025.03.08"]
[Round "8"]
[White "Sternlund, Hakan"]
[Black "Danielsson, Fredrik"]
[Result "1/2-1/2"]
[WhiteElo "2125"]
[BlackElo "2103"]
[PlyCount "27"]
[SourceVersionDate "2025.04.02"]

1. c4 e5 2. g3 c6 3. d4 e4 4. Qb3 d5 5. cxd5 cxd5 6. Nc3 Nc6 7. Qxd5 Qxd5 8. Nxd5 Nxd4 9. Nc7+ Kd8 10. Nxa8 Nc2+ 11. Kd1 Nxa1 12. Be3 Be6 13. b3 b6 14. Nxb6 1/2-1/2

[Event "Superettan(Orgryte-Wasa II)"]
[Site "?"]
[Date "2025.03.08"]
[Round "8"]
[White "Tetenkina, Irina"]
[Black "Eksmyr, Johan"]
[Result "0-1"]
[WhiteElo "2089"]
[BlackElo "2097"]
[PlyCount "132"]
[SourceVersionDate "2025.03.30"]

1. Nf3 Nf6 2. g3 b5 3. Bg2 Bb7 4. c4 bxc4 5. Qa4 c5 6. Na3 Bc6 7. Qxc4 e6 8. O-O d5 9. Qc2 Nbd7 10. b4 Rc8 11. bxc5 Bxc5 12. d4 Bd6 13. Qd3 Qa5 14. Rb1 Ne4 15. Nb5 Bxb5 16. Rxb5 Qa6 17. Bb2 O-O 18. Rb3 Qxd3 19. exd3 Nef6 20. Ne5 Nb6 21. Bf3 Rc7 22. Rc1 Rxc1+ 23. Bxc1 Rc8 24. Bb2 Rc7 25. Kf1 Ne8 26. Bd1 f6 27. Nf3 Kf7 28. Ke2 Na4 29. Kd2 Nxb2 30. Rxb2 a5 31. Ba4 Bb4+ 32. Kd1 Nd6 33. Rc2 Rxc2 34. Kxc2 h5 35. Kb3 Nf5 36. h3 g5 37. a3 Bd6 38. Kb2 g4 39. hxg4 hxg4 40. Nh2 Nh6 41. Bd1 f5 42. Kb3 Ke7 43. Ka4 Kd7 44. Nf1 Nf7 45. Nd2 Ng5 46. f3 gxf3 47. Nxf3 Nxf3 48. Bxf3 Bxg3 49. Kxa5 Bf2 50. Kb5 Bxd4 51. a4 Kd6 52. a5 e5 53. a6 e4 54. dxe4 dxe4 55. Bd1 Ke5 56. Kc4 f4 57. Be2 f3 58. Bf1 Ba7 59. Kc3 Kf4 60. Kd2 Bf2 61. Kd1 Kg3 62. Bb5 Bb6 63. Ke1 Kg2 64. Bf1+ Kg1 65. Bh3 Ba7 66. Bf1 Bf2+ 0-1

[Event "Superettan(Kristineberg-Rock,Sthlm II)"]
[Site "?"]
[Date "2025.03.08"]
[Round "8"]
[White "Zadruzny, Nicolaj"]
[Black "Gustafsson, Simon"]
[Result "1-0"]
[WhiteElo "2231"]
[BlackElo "1990"]
[PlyCount "97"]
[SourceVersionDate "2025.04.01"]

1. e4 c5 2. Nf3 d6 3. Bb5+ Bd7 4. Bxd7+ Qxd7 5. c4 g6 6. O-O Bg7 7. d4 cxd4 8. Nxd4 Nf6 9. Nc3 Nc6 10. Nde2 O-O 11. f3 Rfc8 12. b3 Qd8 13. Be3 Rab8 14. Qd2 a6 15. a4 Nd7 16. Rab1 Kf8 17. Rfc1 Qa5 18. Kh1 Qd8 19. h3 Nc5 20. Nf4 Nb4 21. Ncd5 Nxd5 22. exd5 Qd7 23. Rd1 Qf5 24. Bd4 Bxd4 25. Qxd4 Kg8 26. Qd2 Kf8 27. Ne2 Qf6 28. Nd4 Nd7 29. Re1 Re8 30. Re4 Qg7 31. Rbe1 Nf6 32. Re6 Kg8 33. Rxe7 Rxe7 34. Rxe7 Nh5 35. Kh2 Qf6 36. Re4 g5 37. a5 Nf4 38. Qe3 h5 39. h4 Ng6 40. Qxg5 Qxg5 41. hxg5 Kf8 42. Kg3 b6 43. Nc6 Rb7 44. axb6 Rxb6 45. b4 Rb7 46. f4 Kg7 47. f5 Ne5 48. Nxe5 dxe5 49. c5 1-0

[Event "Superettan(Schack 08-Skara)"]
[Site "?"]
[Date "2025.03.08"]
[Round "8"]
[White "Jacobson, Erik"]
[Black "Faldt, Magnus"]
[Result "1/2-1/2"]
[WhiteElo "2129"]
[BlackElo "2140"]
[PlyCount "154"]
[SourceVersionDate "2025.04.02"]

1. e4 c5 2. Nf3 Nc6 3. Nc3 a6 4. d4 cxd4 5. Nxd4 e6 6. Be3 Qc7 7. Qf3 Ne5 8. Qg3 d6 9. f4 Nc4 10. Bxc4 Qxc4 11. O-O-O Bd7 12. e5 d5 13. f5 exf5 14. e6 fxe6 15. Qe5 Kf7 16. g4 Re8 17. Rdf1 Nf6 18. h3 Bb4 19. Rhg1 Bxc3 20. bxc3 Rhg8 21. Nf3 Re7 22. Bd4 Ke8 23. gxf5 Ne4 24. f6 Rf7 25. Qb8+ Qc8 26. Qxc8+ Bxc8 27. fxg7 e5 28. Nxe5 Rxf1+ 29. Rxf1 Rxg7 30. Ng4 Rf7 31. Rg1 Rf3 32. Ne5 Rg3 33. Rxg3 Nxg3 34. h4 Ke7 35. Nd3 Ke6 36. Nf4+ Kd6 37. Kd1 Bf5 38. Nd3 Ne4 39. Nf2 Ng3 40. Nd3 Bg4+ 41. Kd2 Nf5 42. Bf2 Bh5 43. Bc5+ Kc6 44. Bf2 Kb5 45. Kc1 a5 46. Kd2 Bf3 47. Nc5 Nd6 48. Kd3 b6 49. a4+ Kc6 50. Ne6 Be4+ 51. Kd2 Nc4+ 52. Kc1 Kd6 53. Nd4 Bg6 54. Bg3+ Ke7 55. Bf2 Be8 56. Nb3 Bxa4 57. Nd2 Bb5 58. Nxc4 Bxc4 59. Bxb6 a4 60. Bc5+ Kd7 61. Kd2 Ke6 62. Ke3 Kf5 63. Kf3 h5 64. Ba3 Ba2 65. Bc1 Bb1 66. c4 dxc4 67. c3 Bc2 68. Ba3 Bd1+ 69. Ke3 Kg4 70. Be7 a3 71. Bxa3 Kxh4 72. Kf2 Kh3 73. Kg1 Bf3 74. Bd6 Kg4 75. Kh2 h4 76. Be5 h3 77. Bh8 Bg2 1/2-1/2

[Event "Superettan(Lulea-Kristineberg)"]
[Site "?"]
[Date "2025.03.07"]
[Round "7"]
[White "Liden, Tommy"]
[Black "Mobarak, Mohamed"]
[Result "1-0"]
[WhiteElo "2107"]
[BlackElo "1892"]
[PlyCount "67"]
[SourceVersionDate "2025.03.30"]

1. e4 d6 2. d4 Nf6 3. Nc3 g6 4. Be3 c6 5. Qd2 Qa5 6. Bd3 Nbd7 7. Nf3 Bg7 8. Bh6 Bxh6 9. Qxh6 Qh5 10. Qe3 O-O 11. O-O-O b5 12. h3 b4 13. Ne2 Kg7 14. g4 Qa5 15. Kb1 Nb6 16. Nd2 Na4 17. g5 Nd7 18. h4 c5 19. Nc4 Qc7 20. h5 Rh8 21. hxg6 fxg6 22. Qh3 Nf8 23. Qh6+ Kg8 24. f4 e6 25. f5 d5 26. exd5 exf5 27. d6 Qf7 28. Ne5 Qg7 29. Bb5 Bd7 30. Nxd7 Nxd7 31. Bxa4 Nb6 32. Bc6 Rd8 33. Qxg7+ Kxg7 34. dxc5 1-0